000 00945nam a2200241 a 4500
001 000022219
005 20210910112133.0
008 100920s2000 dr 000 0 spa d
020 _a9993401005
040 _aDO-SdBNP
_bspa
_cBNPHU
082 _axxx
_bR173d
100 1 _aRamírez Morillo, Belarminio,
_d1964-
_92520
245 1 4 _aLos distritos electorales :
_blas consecuencias políticas de su aplicación en República Dominicana /
_cBelarminio Ramírez Morillo.
260 _aSanto Domingo :
_bIFP,
_c2000.
300 _a95 P. ;
_c22 cm.
490 1 _aPublicaciones del Instituto de Formación Política
500 _aIncluye datos biográficos del autor en las solapas
500 _aIncluye notas al pie de páginas y referencias bibliográficas
504 _aBibliografías : p. 93-95
710 2 _aInstituto de Formación Política
_945955
830 0 _aPublicaciones del Instituto de Formación Política
_945956
049 _aBNPD
999 _c21717
_d21717